000 00458nam a2200169 i 4500
001 21328
003 ES-MaACL
005 20230906152447.0
007 t|
008 021125s1969 sp ||||1| spa d
100 1 _aAlberdi, Ricardo.
_919274
245 1 3 _aEl Estado y su evolución /
_cRicardo Alberdi.
260 _a[Irún] :
_bEthos,
_c[1969]
300 _a31 fol. ;
_c32 cm.
500 _aEjemplar multicopista.
852 _aES-MaACL
_j2069-F-8
_bR.71091
999 _c21328
_d21328